000 01769nam a22002297a 4500
999 _c59709
_d59709
003 Ge_BSU
005 20230404173558.0
008 230404s1998 ge ||||| |||| 00| 0 geo d
041 _ageo
080 _a141.333 შ-88
100 _aშტაინერი, რუდოლფ
_93841
245 _aანთროპოსოფია :
_bანთროპოსოფიული მსოფლმხედველობის შესავალი : 1924 წლის 19 იანვრიდან 10 თებერვლამდე დორნახში წაკითხული 9 ლექცია /
_cრუდოლფ შტაინერი; მთარგმნელი მაია ბადრიძე; რედაქტორ-გამომცემელი ამირან კვარაცხელია; მხატვარი რამაზ შალამბერიძე.
264 _aთბილისი :
_c1998.
300 _a159 გვ. ;
_b 20 სმ.
500 _aდამატებითი სატიტულო გვერდი გერმ. ენაზე.
501 _aთარგმანი შესრულებულია 1974 წლის გერმანული გამოცემის მიხედვით (დორნახი, შვეიცარია).
653 _aანთროპოსოფია
700 _aბადრიძე, მაია
_eმთარგმნელი.
_912136
700 _aკვარაცხელია, ამირან
_eრედაქტორი, გამომცემელი.
_917474
700 _aშალამბერიძე, რამაზ
_eმხატვარი
_917475
942 _2udc
_cBK